03031nam a22002417a 4500003000400000020001800004082001200022100002100034245001400055250001000069260002500079300000800104650001400112653172200126942001601848952015801864952015802022952014602180952014602326952014702472952015502619999001502774SGT a9780070700710 a330.SAM aSAMUELSON,A PAUL aECONOMICS a19TH  aNEW DELHIbTMHc2010 a916 aECONOMICS aPart 1 Basic Concept 1. The Central Concepts of Economics ? Appendix 2. The Modern Mixed Economy 3. Basic Elements of Supply and Demand ? Appendix 3 Part 2 Microeconomics: Supply, Demand, andProduct Markets 4. Supply and Demand: Elasticity and Applications 5. Demand and Consumer Behavior ? Appendix 5 6. Production and Business Organization 7. Analysis and Costs ? Appendix 7 8. Analysis of Perfectly Competitive Markets 9. Imperfect Competition and Monopoly 10. Competition Among the Few 11. Economics of Uncertainty Part 3 Factor Markets: Labor, Land, and Capital 12. How Markets Determine Incomes 13. The Labor Market 14. Land, Natural Resources, and the Environment 15. Capital, Interest, and Profits Part 4 Applications ofEconomic Principles 16. Government Taxation and Expenditure ? Appendix 16 17. Efficiency vs. Equality: The Big Tradeoff ? Appendix 17 18. International Trade ? Appendix 18 Part 5 Macroeconomics: Economic Growth andBusiness Cycles 19. Overview of Macroeconomics ? Appendix 19 20. Measuring Economic Activity ? Appendix 20 21. Consumption and Investment ? Appendix 21 22. Business Cycles and Aggregate Demand ? Appendix 22 23. Money and the Financial System ? Appendix 23 24. Monetary Policy and the Economy ? Appendix 24 Part 6 Growth, Development, and the Global Economy 25. Economic Growth ? Appendix 25 26. The Challenge of Economic Development ? Appendix 26 27. Exchange Rates and the International Financial System ? Appendix 27 28. Open-Economy Macroeconomics ? Appendix 28 Part 7 Unemployment, Inflation, and Economic Policy 29. Unemployment and the Foundations of Aggregate Supply ? Appendix 29 30. Inflation ? Appendix 30 31. Frontiers of Macroeconomics Glossary of Terms Index 2ddccFCM04 00102ddc40708CMaSSSLbSSSLcTXTd2016-06-14eKRITI PRAKSHANg750.00iSGTUl4o330.SAMpCM657r2019-09-04 00:00:00s2019-08-27w2015-03-16yFCMk2365 00102ddc40708CMaSSSLbSSSLcTXTd2016-06-14eKRITI PRAKSHANg750.00iSGTUl1o330.SAMpCM658r2021-03-23 00:00:00s2021-03-12w2015-03-16yFCMk2365 00102ddc40708CMaSSSLbSSSLcTXTd2016-06-14eKRITI PRAKSHANg750.00iSGTUl0o330.SAMpCM659r2016-06-14 00:00:00w2015-03-16yFCMk2365 00102ddc40708CMaSSSLbSSSLcTXTd2016-06-14eKRITI PRAKSHANg750.00iSGTUl0o330.SAMpCM660r2016-06-14 00:00:00w2015-03-16yFCMk2365 00102ddc40708CMaSSSLbSSSLcTXTd2016-07-12eKIRTI PRAKASHANg750.00iSGTUl0o330.SAMpCM751r2016-07-12 00:00:00w2016-07-12yFCMk2308 00102ddc40708CMaSSSLbSSSLcTXTd2016-07-12eSPARSH BOOKg725.00iSGTUl6o330.SAMpCM460r2023-02-06 00:00:00s2023-01-23w2014-11-21yFCMk1285 c8993d8993